| 000 | 00435nam a2200169Ia 4500 | ||
|---|---|---|---|
| 008 | 230917s9999||||xx |||||||||||||| ||und|| | ||
| 020 | _cRS395 | ||
| 040 |
_e249892 _aMAIN |
||
| 041 | _aEnglish | ||
| 082 | _a791.430954 B469C | ||
| 100 | _aBrahmatmaj, Ajay | ||
| 245 | 0 | _aCinema ki soch | |
| 260 |
_aNew Delhi _bVani Prakashan _c2013 |
||
| 300 | _a200 p. | ||
| 500 | _a3679 17/10/2019 RK18/1520 10/09/2018 Main Budget | ||
| 942 | _cBK | ||
| 999 |
_c33355 _d33355 |
||